| 000 | 00567nam a2200205Ia 4500 | ||
|---|---|---|---|
| 003 | IN-BaIIA | ||
| 008 | 211028s9999 xx 000 0 eng d | ||
| 020 | _a0-471-80000-7 | ||
| 040 | _cIIA Library | ||
| 080 |
_a539.1 _bSMI |
||
| 100 |
_aSmith, Kenneth _97367 |
||
| 245 | 4 |
_aThe Calculation of atomic collision processes _cKenneth Smith |
|
| 260 |
_aNew York _bJohn Wiley & Sons _c1971 |
||
| 300 | _ax, 218p. | ||
| 650 |
_aAtomic collisions _91546 |
||
| 650 |
_aCollisions _94150 |
||
| 650 |
_aMolecular collisions _94048 |
||
| 650 | _aNASA Thesaurus | ||
| 942 | _cBK | ||
| 999 |
_c4189 _d4189 |
||